[Event "Geneve op"]
[Site "Geneve"]
[Date "2005.01.30"]
[Round "9"]
[White "Liardet, Fabrice"]
[Black "Bieri, Christian"]
[Result "1-0"]
[WhiteElo "2340"]
[BlackElo "2141"]
[PlyCount "52"]
[EventDate "2005.01.22"]
[EventType "swiss"]
[EventRounds "9"]
[EventCountry "SUI"]
[SourceTitle "CBM 104 Extra"]
[Source "ChessBase"]
[SourceDate "2005.03.01"]
[SourceVersion "1"]
[SourceVersionDate "2005.03.01"]
[SourceQuality "1"]

1. d4 Nf6 2. c4 d5 3. cxd5 Nxd5 4. Nf3 g6 5. e4 Nb6 6. Nc3 Bg4 7. Be2 Bg7 8. Be3 0-0 9. 0-0 Nc6 10. d5 Bxf3 11. Bxf3 Ne5 12. Be2 Nec4 13. Bg5 h6 14. Bf4 g5 15. Bc1 a5 16. Qc2 Be5 17. h4 Kh7 18. hxg5 hxg5 19. Bxc4 Nxc4 20. Qe2 Qd6 21. Qxc4 Bh2+ 22. Kh1 Kg7 23. g3 Bxg3 24. Kg2 Be5 25. Be3 Rh8 26. Rh1 Qd7 1-0

[Event "Geneve op"]
[Site "Geneve"]
[Date "2005.01.27"]
[Round "6"]
[White "Astengo, Corrado"]
[Black "Liardet, Fabrice"]
[Result "1-0"]
[WhiteElo "2139"]
[BlackElo "2340"]
[PlyCount "67"]
[EventDate "2005.01.22"]
[EventType "swiss"]
[EventRounds "9"]
[EventCountry "SUI"]
[SourceTitle "CBM 104 Extra"]
[Source "ChessBase"]
[SourceDate "2005.03.01"]
[SourceVersion "1"]
[SourceVersionDate "2005.03.01"]
[SourceQuality "1"]

1. e4 Nf6 2. e5 Nd5 3. d4 d6 4. Nf3 Nc6 5. c4 Nb6 6. exd6 exd6 7. Nc3 Bg4 8. Be2 Be7 9. 0-0 0-0 10. b3 Re8 11. Be3 Bf6 12. h3 Bh5 13. Qd2 h6 14. Rfe1 d5 15. c5 Nc8 16. Nh2 Bxe2 17. Nxe2 N8e7 18. Ng3 Bh4 19. Nhf1 Qd7 20. Bxh6 Nxd4 21. Bxg7 Nf3+ 22. gxf3 Bxg3 23. Nxg3 Kxg7 24. Qg5+ Kh7 25. Qh5+ Kg7 26. Rxe7 Rxe7 27. Nf5+ Kf6 28. Nxe7 Kxe7 29. Re1+ Kf6 30. Qe5+ Kg6 31. Kh2 Qe6 32. Rg1+ Kh6 33. Qg5+ Kh7 34. Qg7# 1-0

[Event "Geneve op"]
[Site "Geneve"]
[Date "2003.04.25"]
[Round "3.4"]
[White "Gallagher, Joseph G"]
[Black "Liardet, Fabrice"]
[Result "1-0"]
[WhiteElo "2515"]
[BlackElo "2371"]
[PlyCount "77"]
[EventDate "2003.04.24"]
[EventType "swiss"]
[EventRounds "7"]
[EventCountry "SUI"]
[SourceTitle "EXT 2004"]
[Source "ChessBase"]
[SourceDate "2003.11.25"]
[SourceVersion "1"]
[SourceVersionDate "2003.11.25"]
[SourceQuality "1"]

1. e4 Nf6 2. e5 Nd5 3. d4 d6 4. Nf3 dxe5 5. Nxe5 Nd7 6. Nf3 e6 7. Be2 c5 8. 0-0 cxd4 9. Nxd4 Be7 10. Nf5 0-0 11. Nxe7+ Qxe7 12. c4 N5f6 13. Nc3 a6 14. Be3 b6 15. Bf3 Rb8 16. Re1 Bb7 17. Bxb7 Rxb7 18. Bf4 e5 19. Nd5 Qd6 20. Nxf6+ Qxf6 21. Qd5 Rc7 22. Be3 Nc5 23. Rad1 a5 24. Qd6 Qxd6 25. Rxd6 Rb8 26. b3 Kf8 27. f4 Re7 28. Rxb6 Rc8 29. Bxc5 Rxc5 30. Rb8+ Re8 31. Rxe8+ Kxe8 32. Rxe5+ Rxe5 33. fxe5 Kd7 34. a3 Ke6 35. b4 axb4 36. axb4 Kxe5 37. b5 Kd6 38. b6 Ke6 39. c5 1-0

[Event "Geneve op 17th"]
[Site "Geneve"]
[Date "2001.01.27"]
[Round "8"]
[White "Landenbergue, Claude"]
[Black "Liardet, Fabrice"]
[Result "1-0"]
[WhiteElo "2404"]
[BlackElo "2365"]
[PlyCount "105"]
[EventDate "2001.01.20"]
[EventType "swiss"]
[EventRounds "9"]
[EventCountry "SUI"]
[SourceTitle "EXT 2002"]
[Source "ChessBase"]
[SourceDate "2001.11.25"]
[SourceVersion "1"]
[SourceVersionDate "2001.11.25"]
[SourceQuality "1"]

1. Nf3 f5 2. g3 Nf6 3. Bg2 g6 4. 0-0 Bg7 5. d4 0-0 6. c3 Kh8 7. Nbd2 d6 8. Re1 Nc6 9. e4 fxe4 10. Nxe4 Nxe4 11. Rxe4 e5 12. Bg5 Bf6 13. Bxf6+ Qxf6 14. dxe5 dxe5 15. Qe2 Bf5 16. Re3 Rae8 17. Nd2 Bg4 18. Qe1 Bd7 19. Ne4 Qe7 20. Qe2 a5 21. Re1 a4 22. a3 Na5 23. Nd2 Qc5 24. Rxe5 Qb6 25. Nf3 Bc6 26. Nd4 Bd7 27. Nf3 Nc6 28. Re3 Rxe3 29. Qxe3 Qxb2 30. Ne5 Re8 31. Bxc6 Bxc6 32. Qd4 Kg8 33. Qc4+ Kh8 34. Qf4 Qxc3 35. Qf6+ Kg8 36. Qf7+ Kh8 37. Nxg6+ hxg6 38. Rxe8+ Bxe8 39. Qxe8+ Kg7 40. Qxa4 Qc1+ 41. Kg2 c5 42. Qd7+ Kf6 43. Qxb7 c4 44. Qc6+ Ke5 45. a4 c3 46. a5 c2 47. a6 Qd1 48. a7 c1Q 49. Qxc1 Qxc1 50. a8Q Kf6 51. Qf8+ Ke6 52. h4 Qd1 53. Qf3 1-0

[Event "Lenk op 12th"]
[Site "Lenk"]
[Date "2000.04.21"]
[Round "3"]
[White "Varga, Zoltan"]
[Black "Liardet, Fabrice"]
[Result "1-0"]
[WhiteElo "2530"]
[BlackElo "2319"]
[PlyCount "51"]
[EventDate "2000.04.20"]
[EventType "swiss"]
[EventRounds "7"]
[EventCountry "SUI"]
[SourceTitle "EXT 2001"]
[Source "ChessBase"]
[SourceDate "2000.11.22"]
[SourceVersion "1"]
[SourceVersionDate "2000.11.22"]
[SourceQuality "1"]

1. e4 d5 2. exd5 Nf6 3. d4 Bg4 4. f3 Bf5 5. c4 e6 6. dxe6 Nc6 7. Be3 Bb4+ 8. Nc3 Qe7 9. Qd2 0-0-0 10. 0-0-0 fxe6 11. Nge2 Bg6 12. Qe1 e5 13. d5 Na5 14. Ng3 Rhe8 15. Bd2 b6 16. h4 h6 17. h5 Bh7 18. Nge4 c6 19. Bd3 cxd5 20. Nxf6 gxf6 21. Nxd5 Bxd2+ 22. Qxd2 Qc5 23. Bxh7 Nxc4 24. Qc3 Rxd5 25. Rxd5 Qxd5 26. b3 1-0

[Event "Cannes op"]
[Site "Cannes"]
[Date "2000.02.27"]
[Round "8"]
[White "Liardet, Fabrice"]
[Black "Lukasiewicz, Grzegorz"]
[Result "1/2-1/2"]
[WhiteElo "2319"]
[BlackElo "2348"]
[PlyCount "86"]
[EventDate "2000.02.20"]
[EventType "swiss"]
[EventRounds "9"]
[EventCountry "FRA"]
[SourceTitle "EXT 2001"]
[Source "ChessBase"]
[SourceDate "2000.11.22"]
[SourceVersion "1"]
[SourceVersionDate "2000.11.22"]
[SourceQuality "1"]

1. d4 d5 2. c4 c6 3. Nf3 Nf6 4. Nc3 e6 5. Bg5 h6 6. Bxf6 Qxf6 7. e3 Nd7 8. Bd3 dxc4 9. Bxc4 g6 10. 0-0 Qe7 11. h3 Bg7 12. e4 0-0 13. Qe2 b6 14. Rad1 Bb7 15. e5 a6 16. Rfe1 b5 17. Bb3 Rfd8 18. h4 c5 19. d5 c4 20. Bc2 exd5 21. h5 d4 22. Nxd4 Nxe5 23. hxg6 fxg6 24. Bxg6 Bxg2 25. Be4 Bxe4 26. Qxe4 Qg5+ 27. Kf1 Qg4 28. Qxg4 Nxg4 29. Ne6 Rxd1 30. Rxd1 Ne5 31. Rd6 Ra7 32. Nc5 Bf8 33. Rd5 Bxc5 34. Rxe5 Bd4 35. Rd5 Bg7 36. Ke2 b4 37. Na4 Rc7 38. Kd2 b3 39. a3 Bxb2 40. Nxb2 c3+ 41. Kc1 cxb2+ 42. Kxb2 Rc2+ 43. Kxb3 Rxf2 1/2-1/2

[Event "Cannes op"]
[Site "Cannes"]
[Date "2000.02.23"]
[Round "4"]
[White "Loeffler, Markus"]
[Black "Liardet, Fabrice"]
[Result "0-1"]
[WhiteElo "2411"]
[BlackElo "2319"]
[PlyCount "58"]
[EventDate "2000.02.20"]
[EventType "swiss"]
[EventRounds "9"]
[EventCountry "FRA"]
[SourceTitle "EXT 2001"]
[Source "ChessBase"]
[SourceDate "2000.11.22"]
[SourceVersion "1"]
[SourceVersionDate "2000.11.22"]
[SourceQuality "1"]

1. e4 d5 2. exd5 Nf6 3. d4 Bg4 4. Nf3 Qxd5 5. Be2 Nc6 6. 0-0 0-0-0 7. Be3 Qf5 8. c4 e5 9. d5 e4 10. Nfd2 Ne5 11. Nc3 Bxe2 12. Qxe2 Bd6 13. Bd4 Qf4 14. Bxe5 Qxe5 15. g3 Rhe8 16. Rfe1 Bb4 17. Rac1 h5 18. a3 Bxc3 19. Rxc3 Re7 20. Qe3 Kb8 21. h4 Rde8 22. Qe2 Ng4 23. Nf1 Qf6 24. c5 Qf5 25. Rd1 Ne5 26. c6 Nf3+ 27. Rxf3 exf3 28. Qb5 b6 29. Rd4 Qh3 0-1

[Event "SUI-chT"]
[Site "Switzerland"]
[Date "2000.??.??"]
[Round "?"]
[White "Toth, Bela"]
[Black "Liardet, Fabrice"]
[Result "0-1"]
[WhiteElo "2395"]
[BlackElo "2319"]
[PlyCount "72"]
[EventDate "2000.02.??"]
[EventType "team-tourn"]
[EventRounds "9"]
[EventCountry "SUI"]
[SourceTitle "EXT 2001"]
[Source "ChessBase"]
[SourceDate "2000.11.22"]
[SourceVersion "1"]
[SourceVersionDate "2000.11.22"]
[SourceQuality "1"]

1. d4 Nf6 2. c4 c5 3. d5 b5 4. cxb5 a6 5. bxa6 g6 6. Nc3 Bxa6 7. g3 d6 8. Bg2 Bg7 9. Nh3 Nbd7 10. Nf4 Qa5 11. 0-0 Ne5 12. h4 0-0 13. Qc2 Rfb8 14. b3 c4 15. Bd2 Bc8 16. Rab1 Bf5 17. e4 Bg4 18. f3 Bc8 19. Kh1 Nfd7 20. b4 Rxb4 21. Nce2 Qa4 22. Qxa4 Rbxa4 23. Nc3 Ra3 24. Nfe2 Nd3 25. Bh3 N7c5 26. Bxc8 Rxc8 27. Rb6 f5 28. exf5 gxf5 29. Rfb1 Kf7 30. Kg2 Rca8 31. Kf1 Na4 32. Nxa4 R8xa4 33. Rb7 Rxa2 34. Bg5 Bf6 35. Bxf6 Kxf6 36. Nd4 c3 0-1

[Event "Geneve op"]
[Site "Geneve"]
[Date "1999.01.27"]
[Round "5"]
[White "Liardet, Fabrice"]
[Black "Miton, Kamil"]
[Result "1/2-1/2"]
[WhiteElo "2308"]
[BlackElo "2383"]
[PlyCount "71"]
[EventDate "1999.01.23"]
[EventType "swiss"]
[EventRounds "7"]
[EventCountry "SUI"]
[SourceTitle "CBM 068 Extra"]
[Source "ChessBase"]
[SourceDate "1999.03.01"]
[SourceVersion "1"]
[SourceVersionDate "1999.03.01"]
[SourceQuality "1"]

1. d4 Nf6 2. c4 g6 3. Nc3 d5 4. cxd5 Nxd5 5. e4 Nxc3 6. bxc3 Bg7 7. Bc4 c5 8. Ne2 Nc6 9. Be3 0-0 10. Rc1 cxd4 11. cxd4 Qa5+ 12. Kf1 Qa3 13. Qd2 Rd8 14. h4 h5 15. Bh6 Bg4 16. Bxg7 Kxg7 17. Bd5 Nb4 18. Bb3 Rac8 19. Rxc8 Rxc8 20. f3 Bd7 21. Kf2 Ba4 22. Rb1 a5 23. Nc3 Bd7 24. Kg3 Na6 25. Qf4 e6 26. Nd5 exd5 27. Bxd5 Qe7 28. Rxb7 Nb4 29. Bb3 Rd8 30. e5 Nc6 31. Bd5 Nb4 32. Bb3 Nc6 33. Bd5 Nb4 34. Bc4 Rc8 35. Bb3 Rd8 36. Bc4 1/2-1/2

[Event "Geneve op"]
[Site "Geneve"]
[Date "1999.01.26"]
[Round "4"]
[White "Vegh, Jean Pierre"]
[Black "Liardet, Fabrice"]
[Result "0-1"]
[WhiteElo "2235"]
[BlackElo "2308"]
[PlyCount "132"]
[EventDate "1999.01.23"]
[EventType "swiss"]
[EventRounds "7"]
[EventCountry "SUI"]
[SourceTitle "CBM 068 Extra"]
[Source "ChessBase"]
[SourceDate "1999.03.01"]
[SourceVersion "1"]
[SourceVersionDate "1999.03.01"]
[SourceQuality "1"]

1. d4 Nf6 2. Nf3 c5 3. g3 cxd4 4. Nxd4 Qa5+ 5. Nd2 d5 6. Bg2 e5 7. N4b3 Qc7 8. c3 Nc6 9. 0-0 a5 10. a4 Bf5 11. e4 dxe4 12. Qe2 Be6 13. Qb5 Bd7 14. Nxe4 Nxe4 15. Bxe4 Nd4 16. Qxb7 Qxb7 17. Bxb7 Nxb3 18. Bxa8 Nxa1 19. Bd5 Bxa4 20. Re1 f6 21. f4 Bc5+ 22. Kg2 Kd7 23. fxe5 fxe5 24. Rxe5 Bc6 25. Bxc6+ Kxc6 26. b4 axb4 27. cxb4 Nb3 28. bxc5 Nxc1 29. Re7 Rg8 30. h4 Nd3 31. h5 h6 32. Kf3 Nxc5 33. Kg4 Kd6 34. Rf7 Ne6 35. Ra7 Ke5 36. Ra5+ Kf6 37. Rf5+ Ke7 38. Re5 Rf8 39. Re1 Rf2 40. Ra1 Rc2 41. Re1 Rc5 42. Re2 Rg5+ 43. Kh4 Kf6 44. Rf2+ Rf5 45. Rd2 Ng5 46. Rd6+ Ke5 47. Ra6 Ne4 48. Ra5+ Ke6 49. Ra6+ Kf7 50. Ra7+ Kg8 51. Ra8+ Kh7 52. Ra4 Re5 53. Ra1 Kg8 54. Ra8+ Kf7 55. Ra7+ Kf6 56. Ra6+ Kf5 57. Ra1 Nd2 58. Ra7 Nf3+ 59. Kh3 Ng5+ 60. Kg2 Ne6 61. Ra4 Kg5 62. Rh4 Nc5 63. Kf3 Rf5+ 64. Kg2 Nd7 65. Rd4 Nf6 66. Kh3 Kxh5 0-1

[Event "SUI-chT"]
[Site "Switzerland"]
[Date "1999.??.??"]
[Round "5.2"]
[White "Gheorghiu, Florin"]
[Black "Liardet, Fabrice"]
[Result "1-0"]
[WhiteElo "2450"]
[BlackElo "2308"]
[PlyCount "55"]
[EventDate "1999.01.??"]
[EventType "team-tourn"]
[EventRounds "9"]
[EventCountry "SUI"]
[SourceTitle "EXT 2001"]
[Source "ChessBase"]
[SourceDate "2000.11.22"]
[SourceVersion "1"]
[SourceVersionDate "2000.11.22"]
[SourceQuality "1"]

1. Nf3 Nf6 2. c4 c5 3. Nc3 g6 4. e4 d6 5. d4 cxd4 6. Nxd4 Bg7 7. Be2 0-0 8. Be3 Nc6 9. Qd2 Bd7 10. f3 a6 11. 0-0 Rb8 12. Nb3 Na5 13. Rfd1 Nxb3 14. axb3 a5 15. c5 Be6 16. Bc4 Bxc4 17. bxc4 Rc8 18. cxd6 exd6 19. Nb5 Rxc4 20. Nxd6 Rb4 21. Bc5 Rb3 22. Qc2 Qc7 23. Qxb3 Qxc5+ 24. Kh1 Nh5 25. Rac1 Qf2 26. Rc8 Rxc8 27. Qxf7+ Kh8 28. Nxc8 1-0

[Event "SUI-chT"]
[Site "Switzerland"]
[Date "1999.??.??"]
[Round "4.3"]
[White "Liardet, Fabrice"]
[Black "Maeser, Fabian"]
[Result "1/2-1/2"]
[WhiteElo "2308"]
[BlackElo "2285"]
[PlyCount "149"]
[EventDate "1999.01.??"]
[EventType "team-tourn"]
[EventRounds "9"]
[EventCountry "SUI"]
[SourceTitle "EXT 2001"]
[Source "ChessBase"]
[SourceDate "2000.11.22"]
[SourceVersion "1"]
[SourceVersionDate "2000.11.22"]
[SourceQuality "1"]

1. d4 d5 2. c4 c6 3. Nc3 Nf6 4. Nf3 a6 5. Bg5 b5 6. cxd5 cxd5 7. Qb3 e6 8. Rc1 Be7 9. e3 0-0 10. Bd3 Nbd7 11. 0-0 Bb7 12. Bxf6 Nxf6 13. Ne5 Nd7 14. f4 Rc8 15. a3 Nb6 16. Rf3 Nc4 17. Qc2 f5 18. g4 g6 19. gxf5 gxf5 20. Kh1 Kh8 21. Rg1 Nxe5 22. fxe5 Rg8 23. Rfg3 Rxg3 24. Rxg3 Bh4 25. Rg1 Qe7 26. Qg2 Qf7 27. Ne2 Rg8 28. Qxg8+ Qxg8 29. Rxg8+ Kxg8 30. Nf4 Kf7 31. Kg2 Bc6 32. Kf1 a5 33. Ke2 Be7 34. Kd2 b4 35. axb4 Bxb4+ 36. Ke2 Ba4 37. Ba6 Bd7 38. Nd3 Bf8 39. Nc5 Ke7 40. Nb3 a4 41. Nc5 Kd8 42. Kd3 Kc7 43. Nxd7 a3 44. bxa3 Kxd7 45. a4 Bb4 46. Ke2 Ke7 47. Bc8 Kf7 48. Kf3 Be1 49. Ba6 Ke7 50. Bd3 Ba5 51. Kf4 Bd2 52. Bc2 Kf8 53. h3 Ke7 54. Bd3 Kf8 55. h4 Ke7 56. h5 Kf8 57. Bb1 Ke7 58. Bc2 Kf8 59. Bd3 Ke7 60. Bc2 Kf8 61. h6 Ke7 62. Bd1 Ba5 63. Bh5 Kf8 64. Be2 Kf7 65. Bb5 Bb4 66. Bc6 Bd2 67. Bxd5 exd5 68. Kxf5 Bxe3 69. e6+ Ke7 70. Ke5 Bd2 71. Kxd5 Ba5 72. Ke5 Bc3 73. Kd5 Ba5 74. Ke5 Bc3 75. Kd5 1/2-1/2

[Event "Wch U26 (Men)"]
[Site "Rotterdam"]
[Date "1998.08.20"]
[Round "9"]
[White "Liardet, Fabrice"]
[Black "Goessling, Guido"]
[Result "1/2-1/2"]
[WhiteElo "2320"]
[BlackElo "2120"]
[PlyCount "41"]
[EventDate "1998.08.??"]
[EventType "swiss"]
[EventRounds "9"]
[EventCountry "NED"]
[SourceTitle "EXT 1999"]
[Source "ChessBase"]
[SourceDate "1998.11.16"]
[SourceVersion "1"]
[SourceVersionDate "1998.11.16"]
[SourceQuality "1"]

1. d4 d5 2. c4 c6 3. Nc3 Nf6 4. Nf3 e6 5. Bg5 h6 6. Bxf6 Qxf6 7. e3 Nd7 8. Bd3 dxc4 9. Bxc4 g6 10. 0-0 Bg7 11. b4 0-0 12. Rc1 Qe7 13. Qb3 b6 14. Rfd1 Rd8 15. b5 c5 16. d5 Ne5 17. Nxe5 Bxe5 18. f4 Bxc3 19. Qxc3 exd5 20. Bxd5 Bb7 21. Bxb7 1/2-1/2

[Event "Wch U26 (Men)"]
[Site "Rotterdam"]
[Date "1998.08.19"]
[Round "8"]
[White "Baranyai, Szabolcs Jr"]
[Black "Liardet, Fabrice"]
[Result "0-1"]
[WhiteElo "2270"]
[BlackElo "2320"]
[PlyCount "110"]
[EventDate "1998.08.??"]
[EventType "swiss"]
[EventRounds "9"]
[EventCountry "NED"]
[SourceTitle "EXT 1999"]
[Source "ChessBase"]
[SourceDate "1998.11.16"]
[SourceVersion "1"]
[SourceVersionDate "1998.11.16"]
[SourceQuality "1"]

1. e4 Nf6 2. e5 Nd5 3. d4 d6 4. f4 dxe5 5. fxe5 c5 6. Bb5+ Bd7 7. Bxd7+ Qxd7 8. c3 Nc6 9. Nf3 cxd4 10. cxd4 e6 11. 0-0 Be7 12. Nc3 0-0 13. Ne4 Rad8 14. Bd2 f6 15. Qe2 fxe5 16. dxe5 Nf4 17. Bxf4 Rxf4 18. Qe3 Rf5 19. Ng3 Rff8 20. Ne4 Qd5 21. Nc3 Qc4 22. Kh1 Rd3 23. Qe1 h6 24. Rc1 Bb4 25. a3 Bxc3 26. bxc3 Rd5 27. Rg1 Rf5 28. Qg3 Nxe5 29. Nxe5 Rdxe5 30. Qg6 Qc6 31. Rcd1 Rd5 32. Rde1 Rf6 33. Qg3 Kh7 34. h3 Rd2 35. Qe3 Qd5 36. Re2 Rd3 37. Qe4+ Qxe4 38. Rxe4 Rxc3 39. a4 Kg6 40. Rge1 Kf7 41. Kg1 Rc7 42. R1e2 Re7 43. g3 Rf5 44. Kg2 Rd5 45. Kf3 Rd6 46. Rf4+ Ke8 47. Rfe4 Kd7 48. Kf4 Rd5 49. h4 Kd6 50. Kg4 a6 51. Re1 b5 52. axb5 axb5 53. Rb1 Rc7 54. Rbb4 Rc3 55. Kh3 h5 0-1

[Event "Wch U26 (Men)"]
[Site "Rotterdam"]
[Date "1998.08.14"]
[Round "4"]
[White "Gal, Jozsef Istvan"]
[Black "Liardet, Fabrice"]
[Result "1/2-1/2"]
[WhiteElo "2255"]
[BlackElo "2320"]
[PlyCount "76"]
[EventDate "1998.08.??"]
[EventType "swiss"]
[EventRounds "9"]
[EventCountry "NED"]
[SourceTitle "EXT 1999"]
[Source "ChessBase"]
[SourceDate "1998.11.16"]
[SourceVersion "1"]
[SourceVersionDate "1998.11.16"]
[SourceQuality "1"]

1. e4 d5 2. exd5 Nf6 3. d4 Bg4 4. Nf3 Qxd5 5. Be2 Nc6 6. h3 Bxf3 7. Bxf3 Qd6 8. 0-0 0-0-0 9. c3 e5 10. Qb3 Nd5 11. Na3 exd4 12. Nb5 Qd7 13. Bg5 Be7 14. Nxa7+ Nxa7 15. Bxe7 Qxe7 16. Bxd5 Nc6 17. Bxc6 bxc6 18. cxd4 Rxd4 19. Rac1 Qf6 20. Rc5 Rhd8 21. Ra5 Kd7 22. Re1 Re8 23. Rxe8 Kxe8 24. Qe3+ Kd7 25. Qe2 Qd6 26. g3 Rd1+ 27. Kg2 Rd2 28. Qg4+ Qe6 29. Qf4 Rd5 30. Ra3 Rd1 31. Rf3 f6 32. Re3 Qd5+ 33. Qf3 Rd2 34. Rb3 Kd6 35. a3 Kc5 36. Rc3+ Kd6 37. Rb3 Kc5 38. Rc3+ Kd6 1/2-1/2

[Event "Biel MTO op"]
[Site "Biel"]
[Date "1998.??.??"]
[Round "11"]
[White "Illijin, Neboisa"]
[Black "Liardet, Fabrice"]
[Result "0-1"]
[WhiteElo "2290"]
[BlackElo "2355"]
[PlyCount "96"]
[EventDate "1998.07.21"]
[EventType "swiss"]
[EventRounds "11"]
[EventCountry "SUI"]
[SourceTitle "EXT 1999"]
[Source "ChessBase"]
[SourceDate "1998.11.16"]
[SourceVersion "1"]
[SourceVersionDate "1998.11.16"]
[SourceQuality "1"]

1. e4 d5 2. exd5 Nf6 3. c4 e6 4. Nf3 exd5 5. d4 Nc6 6. Nc3 Bb4 7. Be2 0-0 8. 0-0 dxc4 9. Bg5 Bg4 10. Ne5 Nxe5 11. dxe5 Qxd1 12. Bxd1 Bxc3 13. exf6 Bxd1 14. bxc3 Bc2 15. fxg7 Kxg7 16. Rfe1 Rfe8 17. f3 f6 18. Bf4 c6 19. Kf2 Kf7 20. Rxe8 Rxe8 21. Be3 b6 22. Rc1 Bd3 23. g4 Re5 24. Ra1 Rb5 25. Bc1 Bc2 26. h4 Rd5 27. Be3 Ra5 28. a3 Rb5 29. g5 Rb2 30. Bd4 fxg5 31. hxg5 Kg6 32. Be3 Bb1+ 33. Kg3 Kf5 34. Bc1 Rb3 35. Bd2 c5 36. Bf4 Bd3 37. Bd2 Rb2 38. Bf4 Rc2 39. Rh1 Ke6 40. Re1+ Kd7 41. Be5 Ra2 42. Bf6 Rxa3 43. Re7+ Kc6 44. Be5 b5 45. Bb8 b4 46. cxb4 cxb4 47. Rxa7 Rxa7 48. Bxa7 Kd5 0-1

[Event "Biel MTO op"]
[Site "Biel"]
[Date "1998.??.??"]
[Round "4"]
[White "Liardet, Fabrice"]
[Black "Barthel, Ansgar"]
[Result "0-1"]
[WhiteElo "2355"]
[BlackElo "2185"]
[PlyCount "108"]
[EventDate "1998.07.21"]
[EventType "swiss"]
[EventRounds "11"]
[EventCountry "SUI"]
[SourceTitle "EXT 1999"]
[Source "ChessBase"]
[SourceDate "1998.11.16"]
[SourceVersion "1"]
[SourceVersionDate "1998.11.16"]
[SourceQuality "1"]

1. d4 d5 2. c4 e6 3. Nc3 c5 4. cxd5 exd5 5. Nf3 Nc6 6. g3 Nf6 7. Bg2 Be7 8. 0-0 0-0 9. Bg5 cxd4 10. Nxd4 Re8 11. Qa4 Nxd4 12. Qxd4 Be6 13. Rad1 Qa5 14. Qd2 Qa6 15. Rfe1 Ne4 16. Nxe4 dxe4 17. Bxe7 Rxe7 18. Bxe4 Bxa2 19. Qb4 Qe6 20. Bf3 a5 21. Qa3 g6 22. Rd6 Qb3 23. Rxg6+ hxg6 24. Qxe7 Qxb2 25. Qxb7 Qxb7 26. Bxb7 Ra7 27. Bc6 a4 28. Ra1 Bc4 29. Kf1 a3 30. Ke1 a2 31. Kd2 Ra6 32. Be4 Rb6 33. Bd3 Be6 34. Kc3 Kg7 35. h4 Kh6 36. Kd4 Rb2 37. Kc3 Rb3+ 38. Kd4 Rb2 39. Ke5 Rb6 40. f4 Kh5 41. e4 Kg4 42. f5 gxf5 43. exf5 f6+ 44. Kd4 Bf7 45. Ke3 Rb3 46. Ke4 Ra3 47. Be2+ Kxg3 48. h5 Kf2 49. Bb5 Re3+ 50. Kd4 Re1 51. Rxa2+ Bxa2 52. h6 Rh1 53. Kc5 Rxh6 54. Kd6 Ke3 0-1

[Event "Cannes op 18th"]
[Site "Cannes"]
[Date "1997.??.??"]
[Round "7"]
[White "Cherniaev, Alexander"]
[Black "Liardet, Fabrice"]
[Result "0-1"]
[WhiteElo "2455"]
[BlackElo "2330"]
[PlyCount "50"]
[EventDate "1997.02.22"]
[EventType "swiss"]
[EventRounds "9"]
[EventCountry "FRA"]
[SourceTitle "CBM 057 Extra"]
[Source "ChessBase"]
[SourceDate "1997.05.01"]
[SourceVersion "1"]
[SourceVersionDate "1997.05.01"]
[SourceQuality "1"]

1. e4 d5 2. exd5 Nf6 3. c4 e6 4. dxe6 Bxe6 5. Be2 Nc6 6. Nf3 Bc5 7. 0-0 Qd7 8. Nc3 0-0-0 9. a3 Rhe8 10. d3 Bf5 11. Bg5 Bxd3 12. Bxd3 Qxd3 13. Qa4 Nd4 14. Nxd4 Qxd4 15. Nb5 Qg4 16. Bxf6 gxf6 17. b4 Bb6 18. Rac1 Re5 19. h3 Qf4 20. c5 Bxc5 21. Rc3 Bb6 22. g3 Qd2 23. Rc2 Qd3 24. Rxc7+ Bxc7 25. Rc1 Qxb5 0-1

[Event "Geneve op"]
[Site "Geneve"]
[Date "1997.??.??"]
[Round "9"]
[White "Hobuss, Wolfgang"]
[Black "Liardet, Fabrice"]
[Result "0-1"]
[WhiteElo "2155"]
[BlackElo "2330"]
[PlyCount "86"]
[EventDate "1997.01.??"]
[EventType "swiss"]
[EventRounds "9"]
[EventCountry "SUI"]
[SourceTitle "EXT 1998"]
[Source "ChessBase"]
[SourceDate "1997.11.17"]
[SourceVersion "1"]
[SourceVersionDate "1997.11.17"]
[SourceQuality "1"]

1. Nf3 Nf6 2. c4 g6 3. Nc3 Bg7 4. g3 0-0 5. Bg2 c5 6. d4 cxd4 7. Nxd4 Nc6 8. 0-0 Ng4 9. Nc2 d6 10. e4 Na5 11. Qe2 Ne5 12. Ne3 Be6 13. Ncd5 Rc8 14. f4 Nexc4 15. f5 Nxe3 16. Nxe3 Bd7 17. Bd2 Qb6 18. Kh1 Bb5 19. Bxa5 Bxe2 20. Bxb6 Bxf1 21. Rxf1 axb6 22. Nd5 Rfe8 23. b3 b5 24. Bh3 gxf5 25. exf5 Rc5 26. Bg2 e6 27. Re1 Be5 28. b4 Rc2 29. Be4 Rxa2 30. fxe6 Rxe6 31. Bf5 Rh6 32. h3 Kf8 33. Rc1 Bxg3 34. Rc8+ Kg7 35. Bg4 Re6 36. Bxe6 fxe6 37. Rc7+ Kg6 38. Ne7+ Kg5 39. Rxb7 Kh4 40. Nc6 Kxh3 41. Rxh7+ Bh4 42. Ra7 Rc2 43. Ra3+ Bg3 0-1

[Event "Baden Casino op 2nd"]
[Site "Baden"]
[Date "1997.??.??"]
[Round "?"]
[White "Kortschnoj, Viktor Lvovich"]
[Black "Liardet, Fabrice"]
[Result "1-0"]
[WhiteElo "2635"]
[BlackElo "2330"]
[PlyCount "21"]
[EventDate "1997.04.??"]
[EventType "swiss"]
[EventRounds "9"]
[EventCountry "SUI"]
[SourceTitle "EXT 1999"]
[Source "ChessBase"]
[SourceDate "1998.11.16"]
[SourceVersion "1"]
[SourceVersionDate "1998.11.16"]
[SourceQuality "1"]

1. Nf3 Nf6 2. c4 c5 3. Nc3 g6 4. e4 d6 5. d4 cxd4 6. Nxd4 Bg7 7. Be2 0-0 8. 0-0 Nc6 9. Be3 Ng4 10. Bxg4 Bxg4 11. Nxc6 1-0